El tribunal de contratación pública y la solución de controversias en la contratación administrativas.
Guardat en:
| Autor principal: | |
|---|---|
| Format: | Desconegut |
| Publicat: |
Santiago, Chile:
Hamurabi,
2019.
|
| Edició: | 1ª Edición. |
| Col·lecció: | Colección Debates de Derecho Público
|
| Matèries: | |
| Etiquetes: |
Afegir etiqueta
Sense etiquetes, Sigues el primer a etiquetar aquest registre!
|
MARC
| LEADER | 00000 a2200000 4500 | ||
|---|---|---|---|
| 003 | CL-VaPUC | ||
| 005 | 20241004101050.0 | ||
| 008 | 220609T2019 ||||| |||| 00| 0 eng d | ||
| 999 | |c 435913 |d 435911 | ||
| 020 | |a 978-956-6022-11-4 | ||
| 040 | |c Pontificia Universidad Católica de Valparaíso | ||
| 082 | |a 342.8302 CEL 2019 |2 22 | ||
| 100 | |a Celis Danzinger, Gabriel |e autor |9 248 | ||
| 245 | |a El tribunal de contratación pública y la solución de controversias en la contratación administrativas. | ||
| 250 | |a 1ª Edición. | ||
| 260 | |a Santiago, Chile: |b Hamurabi, |c 2019. | ||
| 300 | |a 181 páginas. | ||
| 490 | |a Colección Debates de Derecho Público | ||
| 583 | |k Cristina María Rojas Aguilar |c 20220609 | ||
| 650 | |a Derecho administrativo |9 254851 | ||
| 650 | |a Contratos públicos |9 257953 | ||
| 650 | |a Derecho público |9 255910 | ||
| 650 | |a Derecho privado |9 258243 | ||
| 650 | |a Compras públicas |9 871518 | ||
| 650 | |a Contratos de concesión |9 871519 | ||
| 942 | |2 ddc |c BK | ||
| 952 | |0 0 |1 0 |2 ddc |4 0 |6 342_830200000000000_CEL_2019 |7 0 |8 A |9 583731 |a BIBDER |b BIBDER |c GEN |d 2022-06-15 |e 22 |g 16000.00 |i 5651860 |l 2 |m 1 |o 342.8302 CEL 2019 |p 5651860 |r 2024-10-21 |s 2024-10-02 |t 1 |v 16000.00 |w 2022-06-15 |y BK |k DER | ||